Φόβος και τρόμος : λυρικό-διαλεκτικό δοκίμιο υπό του Ιωάννου της Σιωπής
Αποθηκεύτηκε σε:
| Κύριος συγγραφέας: | |
|---|---|
| Άλλοι συγγραφείς: | |
| Μορφή: | Βιβλίο |
| Γλώσσα: | Greek Swedish |
| Δημοσίευση: |
Αθήνα :
Νεφέλη,
1980.
|
| Σειρά: | Φιλοσοφία (Νεφέλη)
2 |
| Θέματα: | |
| Ετικέτες: |
Προσθήκη ετικέτας
Δεν υπάρχουν, Καταχωρήστε ετικέτα πρώτοι!
|
MARC
| LEADER | 00000cam a2200000 i 4500 | ||
|---|---|---|---|
| 001 | 1/12823 | ||
| 008 | 980217s1980 gr | ||| |||| ||gre|| | ||
| 035 | |1 ΠΑΡ |a 1997 |l 10018784 | ||
| 040 | |a GR-MyUA |b gre |e AACR2 | ||
| 041 | 1 | |a gre |h swe | |
| 082 | 7 | |a 152.46 |2 (22) | |
| 100 | 1 | |a Kierkegaard, Soren, |d 1813-1855. | |
| 245 | 1 | 0 | |a Φόβος και τρόμος : |b λυρικό-διαλεκτικό δοκίμιο υπό του Ιωάννου της Σιωπής / |c Σαίρεν Κίρκεγκωρ ; μετάφραση Άννα Σολωμού. |
| 260 | |a Αθήνα : |b Νεφέλη, |c 1980. | ||
| 300 | |a 162 σ. |c 21 εκ. | ||
| 490 | 1 | |a (Φιλοσοφία / Νεφέλη ; |v 2) | |
| 500 | |a Τίτλος πρωτοτύπου: Fryg tog baeven. | ||
| 650 | 0 | |a Anxiety. | |
| 650 | 0 | |a Fear |x Religious aspects |x Christianity. | |
| 700 | 1 | |a Σολωμού, Άννα, |e trlf | |
| 830 | 0 | |a Φιλοσοφία (Νεφέλη) |v 2 | |
| 852 | |a INST |b LESVOS |e 19980217 |h 152.46 KIE |p 005100015123 |q 005100015123 |t BK |y 10 | ||
| 922 | |a 1ΕΛΗ |b 199711 |c ΚΠΣ/Ανανιάδης |d Emvasis | ||
| 950 | |a 145/1996-02-06 | ||
| 970 | |z 2000/06/Οικονομοπούλου Χριστίνα | ||